=LDR 00000nam 2200000 4500 =001 INLIS000000000002144 =005 20130612090514 =008 ***********************************Ind** =035 ##$$0010-061300000002144 =041 ##$$a Ind =082 ##$$a 959.8 =090 ##$$a 959.8, Dij d =100 ##$$a Dijk,Cornelis Van =245 ##$$a Darul Islam, sebuah pemberontakan, Van Dijk =260 ##$$a 1993 $b Jakarta =300 ##$$a xxv,409 hlm, 21 cm =650 ##$$a Pemberontakan Darul Islam,1945-1962 =850 ##$$a NBPNMAT